Εισαγωγή στο σύστημα MS-DOS 6.2 : για τον IBM-PC και τους συμβατούς.

Αποθηκεύτηκε σε:
Λεπτομέρειες βιβλιογραφικής εγγραφής
Μορφή: Βιβλίο
Γλώσσα:Greek
Δημοσίευση: [Αθήνα] : Κλειδάριθμος, 1993.
Θέματα:
Ετικέτες: Προσθήκη ετικέτας
Δεν υπάρχουν, Καταχωρήστε ετικέτα πρώτοι!

MARC

LEADER 00000cam a2200000 i 4500
001 1/83760
008 960904s1993 gr | ||| |||| ||gre||
020 |a 9602092157 
035 |a 1995  |b 3  |c Τσολακίδης  |l 10034277 
040 |a GR-MyUa  |b gre  |e AACR2 
041 0 |a gre 
082 7 |a 005.43   |2 (22) 
245 0 0 |a Εισαγωγή στο σύστημα MS-DOS 6.2 :   |b για τον IBM-PC και τους συμβατούς. 
260 |a [Αθήνα] :   |b Κλειδάριθμος,   |c 1993.  
300 |a 357 σ. :   |b εικ. ;   |c 24 εκ. 
630 0 0 |a MS-DOS (Computer file) 
650 0 |a Operating systems (Computers) 
852 |a INST  |b RHODES  |e 19960904  |h 005.43 ΕΙΣ  |p 005400011580  |q 005400011580  |t BK  |y 0 
970 |z 2000/07/ΚΑΤΕΡΙΝΑ